100 Biggest Cities of Texas in 1900 on a Map - Statistics

General Stats
  • This quiz has been taken 291 times
  • The average score is 25 of 100
Answers on the Map
Answers color-coded by a green-red scale on the quiz's map according to % correct below.
 
Answer Stats
Population City % Correct
42,638 Dallas
97%
44,633 Houston
97%
22,258 Austin
96%
15,906 El Paso
95%
53,321 San Antonio
95%
26,688 Fort Worth
93%
1,442 Amarillo
86%
37,789 Galveston
85%
4,703 Corpus Christi
84%
6,305 Brownsville
76%
13,429 Laredo
76%
20,686 Waco
74%
2,480 Wichita Falls
63%
5,256 Texarkana
62%
9,427 Beaumont
61%
3,411 Abilene
60%
8,069 Tyler
57%
4,187 Denton
45%
4,342 McKinney
44%
2,097 New Braunfels
44%
4,010 Victoria
37%
2,292 San Marcos
35%
7,065 Temple
33%
3,589 Bryan
32%
3,591 Longview
30%
9,358 Paris
30%
10,243 Sherman
30%
1,827 Nacogdoches
29%
3,835 Orange
27%
2,790 Georgetown
26%
1,889 Uvalde
25%
4,215 Waxahachie
25%
11,807 Denison
22%
8,297 Palestine
22%
2,485 Huntsville
21%
1,527 Lufkin
20%
6,860 Greenville
19%
9,313 Corsicana
18%
7,855 Marshall
18%
2,421 Seguin
18%
5,968 Brenham
16%
4,211 Taylor
16%
3,700 Belton
15%
7,874 Gainesville
15%
4,297 Gonzales
15%
2,850 Jefferson
15%
2,145 Bastrop
13%
7,493 Cleburne
13%
3,857 Navasota
13%
4,919 Ennis
12%
4,786 Weatherford
12%
5,042 Bonham
11%
5,346 Hillsboro
11%
2,392 La Grange
11%
3,635 Sulphur Springs
11%
6,330 Terrell
11%
3,965 Brownwood
10%
1,824 Columbus
10%
1,562 Decatur
10%
1,568 Jacksonville
10%
2,107 Lampasas
10%
1,902 Stephenville
10%
1,993 Vernon
10%
2,600 Bowie
9%
3,341 Cameron
9%
2,612 Crockett
9%
1,865 Gatesville
9%
2,129 Hearne
9%
2,378 Kaufman
9%
2,306 Lockhart
9%
2,048 Mineral Wells
9%
3,422 Cuero
8%
2,393 Mexia
8%
1,651 Quanah
8%
3,499 Yoakum
8%
1,535 Caldwell
7%
1,514 Cisco
7%
2,070 Comanche
7%
1,800 Commerce
7%
2,370 Dublin
7%
1,457 Hallettsville
7%
3,092 Marlin
7%
2,515 Rockdale
7%
2,577 Smithville
7%
1,940 Van Alstyne
7%
2,069 Clarksville
6%
1,856 Farmersville
6%
1,614 Henrietta
6%
1,725 Mineola
6%
3,322 Calvert
5%
1,480 Hico
5%
1,783 Pittsburg
5%
1,502 Baird
4%
1,518 Cooper
4%
1,462 Groesbeck
4%
3,630 Oak Cliff
4%
1,804 Whitewright
4%
2,483 Honey Grove
3%
1,549 Wolfe City
3%
1,608 Hubbard
2%
No matching quizzes found
Score Distribution
Percent of People with Each Score
Percentile by Number Answered
Your Score History
You have not taken this quiz